000 00913nam a2200277 a 4500
001 33880
003 BD-RjUL
005 20211209052055.0
008 140511s1974 fr b i000 0 eng
020 _a9231011324
035 _a(BD-RjUL)33972
040 _aLC
_beng
_cLC
_dNSL:R
_dBD-RjUL
041 _aeng
082 0 4 _a301.1609417
_bSTC 1974
100 1 _aStapleton, John,
_d1938-
_9102924
245 1 0 _aCommunication policies in Ireland :
_ba study /
_ccarried out by the Institute of Public Administration, on Foras Riarachain ; and written by John Stapleton.
260 _aParis :
_bUnesco Press,
_c1974.
300 _a73 p. ;
_c24 cm.
500 _a"[B]COM.73/XX.1/A."
504 _aIncludes bibliographical references.
650 0 _aMass media
_zIreland.
_9102925
710 2 _aInstitute of Public Administration (Ireland)
_9102926
942 _2ddc
_cBK
999 _c33880
_d33880